000 01030cam a22003257a 4500
003 CHAP
005 20220329142433.0
008 010206d1999 mx b r 00110 spa d
010 _a83436
011 _a84408
020 _a0761814485
035 _a94928
040 _cCHAP
082 0 4 _a631.7
_bK5
100 0 0 _aKirpich, Phillip Z.
_963366
245 1 0 _aWater planning for food production in developing contries
_c/by Phillip Z. Kirpich
260 _aLanham, Maryland :
_bUniversity Press of America,
_c1999.
300 _a171 p,;
_bmapas
590 _aBATCH-UPD
_b10
_c20130110
_lUCH01
_h0814
590 _aBATCH-UPD
_b10
_c20130410
_lUCH01
_h0451
590 _aCONVERSION
_b10
_c20130109
_lUCH01
_h1346
650 1 4 _aAgua para irrigacion.
_92430
650 1 4 _aAgua
_xAbastecimiento
_xPaises subdesarrollados.
_92258
650 1 4 _aAgua
_xDistribucion.
_92366
901 _aBK
905 _aMayto Villalobos S.
911 _aproceso
942 _cLIBRO
949 _a631.7 K5
_bBC
_cLIBRO
_d33724000816690
_eLIBRO
_h99339
_i94928
_sb
999 _c83436
_d83436